RCD Mallorca Current Squad - Statistics

General Stats
  • This quiz has been taken 11 times
    5 since last reset
  • The average score is 20 of 30
Answer Stats
# Position Nation Player Name % Correct
25 GK Spain Iván Cuéllar
100%
22 DF Colombia Johan Mojica
100%
24 DF Slovakia Martin Valjent
100%
2 DF Spain Mateu Morey
100%
5 MF Equatorial Guinea Omar Mascarell
100%
23 DF Argentina Pablo Maffeo
100%
10 MF Spain Sergi Darder
100%
9 FW Spain Abdón Prats
75%
21 DF Spain Antonio Raíllo
75%
- Coach Spain Jagoba Arrasate
75%
29 FW Spain Jan Virgili
75%
1 GK Spain Leo Román
75%
4 DF Albania Marash Kumbulla
75%
18 FW Spain Mateo Joseph
75%
20 MF Spain Pablo Torre
75%
12 MF Portugal Samú Costa
75%
11 FW Japan Takuma Asano
75%
7 FW Kosovo Vedat Muriqi
75%
6 MF Spain Antonio Sánchez
50%
- FW Colombia Daniel Luna
50%
14 MF Spain Dani Rodríguez
50%
27 DF Spain David López
50%
19 FW Spain Javi Llabrés
50%
13 GK Finland Lucas Bergström
50%
8 MF Spain Manuel Morlanes
50%
3 DF Spain Toni Lato
50%
- FW Canada Cyle Larin
25%
26 DF France Iliesse Salhi
25%
- MF Spain Jan Salas
25%
30 FW Spain Marc Domènech
25%
No matching quizzes found
Score Distribution
Percent of People with Each Score
Percentile by Number Answered
Your Score History
You have not taken this quiz since the last reset